000 00625nam a2200157 4500
999 _c14480
_d14480
008 190927b ||||| |||| 00| 0 eng d
022 _a00223514
082 _aDPer 302.05 J82 July-Sept 2016 v. 111, n. 1-3.
100 _939990
_aSznycer, Daniel.
245 _aCoresidence duration and cues of maternal investment regulate sibling altruism across cultures/
_cDaniel Sznycer [and three others].
260 _aWashington DC:
_bAmerican Psychological Association,
_c©2016.
300 _av111 n2, pages 159-177:
_billustrations;
_c27 cm.
650 _aAltruism.
_940977
700 _939991
_aDe Smet, Delphine.
942 _2ddc
_cPER